Questions niveau 4ème - Statistiques

Statistiques générales
  • Ce quiz a été pris 162 fois
  • Le résultat moyen est 7 sur 12
Statistiques - réponses
Question Réponse % Correct
Histoire-Géographie : Quel traité met fin à la Première Guerre mondiale en 1919 ? Le traité de Versailles
88%
Enseignement Moral et Civique : Quel est le principe fondamental de la Déclaration des Droits de l'Homme et du Citoyen de 1789 ? Tous les hommes naissent libres et égaux en droits
78%
Mathématiques : Quelle est la solution de l’équation 7x - 3x + 4 = 20 ? 4
71%
Espagnol : Quelle est la traduction correcte de la phrase "Je vais au cinéma" ? Voy al cine
69%
Art-Plastique : Quel est le but de l'utilisation du dégradé de couleurs dans un tableau ? Simuler de la lumière et de la profondeur
63%
Physique-Chimie : Quelle est l'unité de mesure de la tension d'un courant électrique ? Volt
63%
Anglais : Quelle est la forme interrogative correcte de la phrase "Il va à l’école tous les jours" ? Does he go to school every day?
60%
Français : Dans la phrase "Le chat qui dormait sur le canapé s'est réveillé", quel est le type de proposition subordonnée introduite par "qui" ? Subordonnée relative
49%
Technologie : Quel est le rôle d’un moteur dans un système automatisé ? Convertir l'énergie électrique en énergie mécanique
43%
Sport : Dans quelle discipline utilise-t-on un "mat" ? La gymnastique
35%
Sciences et Vie de la Terre : Quel est le rôle des mitochondries dans une cellule ? Produire de l'énergie sous forme d'ATP
31%
Musique : Quel terme désigne une phrase musicale courte ou un fragment complet se répétant de façon régulière et continue Motif
18%
Aucun quiz correspondant
Distribution des résultats
% des personnes avec chaque résultat
Percentile par nombre de réponses
Votre historique - résultats
Vous n’avez pas pris ce quiz